| 000 | 00958nas a2200265 i 4500 | ||
|---|---|---|---|
| 001 | 2008 | ||
| 003 | ES-MaACL | ||
| 005 | 20250824012556.0 | ||
| 007 | t| | ||
| 008 | 950801d18411845sp | | 1 ||pa d | ||
| 022 | _a1887-9942 | ||
| 080 | _a792(460)"18" | ||
| 080 | _a821.134.2-24.09"18" | ||
| 245 | 0 | 0 |
_aRevista de teatros _b: periódico semanal de literatura, sátira y bellas artes. |
| 246 | 0 | 0 | _aVariante de tít. : Revista de teatros : periódico de literatura y artes |
| 260 |
_aMadrid : _bRevista de teatros, _c1841-45 ( _fImp. de D. Ignacio Boix) |
||
| 300 |
_a1 v. ; _c25 cm. |
||
| 310 | _aSemanal | ||
| 362 | 0 | _aN. 1 (4 abr. 1841)-n. 18 (1 ag. 1841); 1. serie, t. 1, 1. entrega [16 ag. 1841]-2. serie, t. 2, entrega 24 [28 sept.]; N. 1 (30 dic. 1842)-n. 970 (6 oct. 1845) | |
| 650 | 7 |
_aTeatro _2embne _917290 |
|
| 650 | 1 | 7 |
_aLiteratura española _2embne _914539 |
| 852 |
_aES-MaACL _jHem-754 |
||
| 866 | 0 | _o1841-42. | |
| 999 |
_c2008 _d2008 |
||